01159nam a2200265 a 450000100100000000500170001000800410002704000250006808200150009310000380010824000470014624500870019326000370028030000350031749000150035250000740036750000260044150400340046759000270050170000310052883000220055995201760058195201190075799900170087600004211920201002035942.0131114s1966 sp ab 000 0 spa d aDO-SdBNPbspacBNPHU axxxbD893a1 aDumont, René,d1904-200196912010aL'Afrique noire est mal partie.lEspañol13aEl África negra ha empezado mal /cRené Dumont ; traducción de Carlos Comas. aBarcelona :bSeix Barral,c1966. a315 p. :bil., mapas ;c22 cm.1 aTestimonio aIncluye referencias bibliográficas y notas al pie de las páginas. aAnexos : p. [287]-301 aBibliografía : p. [303]-307 aInventariado, 2019 /LP1 aComas, Carlos,etr.969121 0aTestimonio916115 001050718MOaGRbGRcHDd2013-11-14iLF1l0oxxx D893ap42119-10r2020-06-25w2020-06-25y1zPerteneció a la biblioteca personal de German Emilio Ornes.ZNo se presta 001050718MOaGRbGRcHDd2014-01-31iLF1l0oxxx D893ap42119-20r2020-06-25te. 2w2020-06-25y1ZNo se presta c41608d41608